<?xml version="1.0" encoding="UTF-8"?>
<collection xmlns="http://www.loc.gov/MARC21/slim">
 <record>
  <leader>01164nam0a2200277   4500</leader>
  <controlfield tag="001">in00000003288</controlfield>
  <controlfield tag="005">20230113110336.3</controlfield>
  <datafield tag="010" ind1=" " ind2=" ">
   <subfield code="a">978-7-5304-3775-9</subfield>
   <subfield code="d">CNY32.00</subfield>
  </datafield>
  <datafield tag="035" ind1=" " ind2=" ">
   <subfield code="a">003912915</subfield>
  </datafield>
  <datafield tag="100" ind1=" " ind2=" ">
   <subfield code="a">20080918d2008    em y0chiy50      ea</subfield>
  </datafield>
  <datafield tag="101" ind1="0" ind2=" ">
   <subfield code="a">chi</subfield>
  </datafield>
  <datafield tag="102" ind1=" " ind2=" ">
   <subfield code="a">CN</subfield>
   <subfield code="b">110000</subfield>
  </datafield>
  <datafield tag="105" ind1=" " ind2=" ">
   <subfield code="a">a   z   000yy</subfield>
  </datafield>
  <datafield tag="106" ind1=" " ind2=" ">
   <subfield code="a">r</subfield>
  </datafield>
  <datafield tag="200" ind1="1" ind2=" ">
   <subfield code="a">实用建筑风水</subfield>
   <subfield code="9">shi yong jian zhu feng shui</subfield>
   <subfield code="f">余易编著</subfield>
  </datafield>
  <datafield tag="210" ind1=" " ind2=" ">
   <subfield code="a">北京</subfield>
   <subfield code="c">北京科技术出版社</subfield>
   <subfield code="d">2008</subfield>
  </datafield>
  <datafield tag="215" ind1=" " ind2=" ">
   <subfield code="a">307页</subfield>
   <subfield code="c">图</subfield>
   <subfield code="d">24cm</subfield>
  </datafield>
  <datafield tag="300" ind1=" " ind2=" ">
   <subfield code="a">建筑风水珍藏本</subfield>
  </datafield>
  <datafield tag="330" ind1=" " ind2=" ">
   <subfield code="a">本书在介绍风水形法的同时，重点介绍了风水学中传承最隐秘的正宗的玄空风水理气学说。同时，在《风水与住宅》一书的基础上，又公开了风水学上许多不为众人所知的中高级风水学诀窍，并对风水学中一些关键地方以及理论上有分歧的地方作了点窍式的解说。</subfield>
  </datafield>
  <datafield tag="606" ind1="0" ind2=" ">
   <subfield code="a">风水</subfield>
   <subfield code="x">关系</subfield>
   <subfield code="x">建筑</subfield>
   <subfield code="x">研究</subfield>
   <subfield code="y">中国</subfield>
  </datafield>
  <datafield tag="606" ind1="0" ind2=" ">
   <subfield code="a">风水</subfield>
  </datafield>
  <datafield tag="606" ind1="0" ind2=" ">
   <subfield code="a">建筑</subfield>
  </datafield>
  <datafield tag="690" ind1=" " ind2=" ">
   <subfield code="a">TU-856</subfield>
   <subfield code="v">4</subfield>
  </datafield>
  <datafield tag="690" ind1=" " ind2=" ">
   <subfield code="a">B992.4</subfield>
   <subfield code="v">4</subfield>
  </datafield>
  <datafield tag="701" ind1=" " ind2="0">
   <subfield code="a">余易</subfield>
   <subfield code="9">yu yi</subfield>
   <subfield code="c">(风水学)</subfield>
   <subfield code="4">编著</subfield>
  </datafield>
  <datafield tag="999" ind1="f" ind2="f">
   <subfield code="s">5de0ff07-a576-4688-ac47-d306773cbd22</subfield>
   <subfield code="i">b604cda7-6b2c-4e1c-a6f6-1aea93d0fdfa</subfield>
  </datafield>
 </record>
</collection>
